Metal Bands that Changed Singers - Statistics

General Stats
  • This quiz has been taken 206 times
  • The average score is 8 of 15
Answer Stats
Former Singer Replacement Band % Correct
Ozzy Osbourne Ronnie James Dio Black Sabbath
99%
Bruce Dickinson Blaze Bayley Iron Maiden
90%
Rob Halford Tim "Ripper" Owens Judas Priest
87%
Terry Glaze Phil Anselmo Pantera
78%
Ian Gillan David Coverdale Deep Purple
66%
Joey Belladonna John Bush Anthrax
64%
Chris Barnes George "Corpsegrinder" Fisher Cannibal Corpse
64%
Tarja Turunen Anette Olzon Nightwish
55%
Angela Gossow Alissa White-Gluz Arch Enemy
53%
Michael Kiske Andi Deris Helloween
39%
Geoff Tate Todd La Torre Queensrÿche
39%
Jesse Leach Howard Jones Killswitch Engage
30%
Timo Tolkki Timo Koltipelto Stratovarius
23%
Matt Barlow Stu Block Iced Earth
20%
Roy Khan Tommy Karevik Kamelot
19%
No matching quizzes found
Score Distribution
Percent of People with Each Score
Percentile by Number Answered
Your Score History
You have not taken this quiz